| 000 | 00452nam a2200157Ia 4500 | ||
|---|---|---|---|
| 008 | 240729s9999 xx 000 0 und d | ||
| 022 | _a2578-9333 | ||
| 245 | 0 | _aJournal of Wellness | |
| 260 | _aUnited States | ||
| 260 | _bUniversity of Louisville Libraries | ||
| 650 | _a Psychology | ||
| 650 | _aMedicine | Philosophy. Psychology. Religion | ||
| 856 | _uhttps://doaj.org/toc/9a78ea7da65f4ec4800d09ab463b2fa0 | ||
| 942 | _2ddc | ||
| 942 | _cDOAJEJ | ||
| 999 |
_c66472 _d66472 |
||
| 945 |
_a1 _bMadushi Gamage _c1 _dMadushi Gamage |
||